000 01040nam a22003137a 4500
003 CHAP
005 20220329135434.0
008 971013s r 00010 d
010 _a36486
011 _a37458
035 _a41578
040 _cCHAP
090 _aR-3514
100 0 0 _aGarcía Gutiérrez, Cipriano.
_946096
245 _aMétodos disponibles para el control de platas del algodonero en la Comarca Lagunera
500 _aSobretiro de : Ubamari. México. No. 34 : 58-67, 1995
590 _aBATCH-UPD
_b10
_c20130110
_lUCH01
_h1324
590 _aBATCH-UPD
_b10
_c20130410
_lUCH01
_h0832
590 _aBATCH-UPD
_b10
_c20130914
_lUCH01
_h0101
590 _aBATCH-UPD
_b10
_c20130914
_lUCH01
_h2047
590 _aCONVERSION
_b10
_c20130109
_lUCH01
_h1320
650 1 4 _aAlgodón
_xComarca Lagunera.
_93989
650 1 4 _aAlgodón
_xPlagas.
_94046
650 1 4 _aControl biológico de plagas.
_927587
650 1 4 _aInsecticidas biológicos.
_958883
901 _aBK
942 _cREIMP
949 _aR-3514
_bBC
_cR
_d-95478
_eTS1
_i41578
_si
999 _c36486
_d36486